01231 2200217 4500001002100000005001500021008004100036020001500077035001900092041000800111082001100119084001700130100002900147245003800176250001200214260003300226300002900259500010400288520058100392650004000973INLIS00000000000496620200508202943200508||||||||| | ||| |||| ||eng|| a1414403534 0010-0520004966 aeng0 a349.73 a349.73/WIL/G0 aEdited by Jeffrey Wilson00aGale encyclopedia of everyday law a2nd ed. aNew YorkbGale Thomsonc2006 a2 vol.b:illus.;c29 cm. aVol.1: Americaas with Disabilities Act to Family Law. Vol.2: First Amandement Law to Travel + Index a"These books fills a much-needed gap between legal texts focusing on the theory and history behind the law and more practical guides dealing with the law and its everyday effect upon its citizens. Containing approximately 200 articles, the Encyclopedia includes: brief descriptions of each issue's historical background, covering important statutes and cases; profiles of various U.S. laws and regulations; details of how laws and regulations vary from state to state, and; comprehensive bibliographies, including print and Web resources and lists of relevant organizations. " 0aLaw - United States - Popular works